Il bacio : antipasto del sesso /

Guardado en:
Detalles Bibliográficos
Autor principal: Cerretti, Franco (Autor)
Formato: Libro
Lenguaje:italiano
Publicado: Roma : Scipioni, c1993
Colección:Curiosità ; 10
Etiquetas: Agregar Etiqueta
Sin Etiquetas, Sea el primero en etiquetar este registro!

MARC

LEADER 00000nam a22000007i 4500
001 IT\ICCU\RMS\0123239
003 ItRI
005 20240305180705.0
008 010302s1993 it |||||| ||||| |||||c
040 |b ita  |c GP 
041 7 |a ita  |2 ISO-639-2 
100 1 |a Cerretti, Franco  |0 IT\ICCU\CFIV\012822  |4 aut 
245 1 3 |a Il bacio :  |b antipasto del sesso /  |c Franco Cerretti. 
260 |a Roma :  |b Scipioni,  |c c1993 
300 |a 47 p. ;  |c 16 cm 
830 0 |a Curiosità ;  |v 10  |0 IT\ICCU\CFI\0286262 
942 |2 ddc  |c BK 
952 |0 0  |1 0  |2 ddc  |4 0  |6 808_000000000000000_CER  |7 1  |9 852  |a RM  |b RM  |d 2024-03-05  |l 0  |o 808 CER  |p 393  |r 2024-03-05 18:07:39  |w 2024-03-05  |y BK 
981 1 |6 z01  |a i   |b xxxe  
982 1 |6 z01  |a n 
999 |c 809  |d 809